000 00558nam a2200205 i 4500
001 bg
100 1 _aLeyko, Jerzy
_d(1918-1995).
245 0 0 _aMechanika ogólna.
_nT. 2,
_pDynamika /
_cJerzy Leyko.
250 _aWyd. 4.
260 _aWarszawa :
_bPaństwowe Wydaw. Naukowe,
_c1976.
300 _a402 s. :
_brys., wykr. ;
_c25 cm.
650 9 _aMechanika
650 9 _aDynamika
655 _aPodręczniki akademickie
040 _cBPK
041 0 _apl
080 _a621.01:531.1/.3](075.8)
942 _cKS
008 s pl f |000 0 pol
999 _c10049
_d10049
856 _uhttp://koha.tu.koszalin.pl/cgi-bin/koha/opac-detail.pl?biblionumber=10049
_yKatalog online BPK